Estimation, Inference and Specification Analysis

Na minha lista:
Detalhes bibliográficos
Autor principal: White, Halbert
Formato: Livro
Idioma:inglês
Publicado em: Cambridge Cambridge University Press 1995
Edição:1. ed., 1. repr.
Colecção:Econometric Society Monographs No. 22
Assuntos:
Tags: Adicionar Tag
Sem tags, seja o primeiro a adicionar uma tag!

MARC

LEADER 00000nam a2200000 4500
001 c013513
005 20221205132937.9
020 |a 0-521-25280-6 
041 0 |a eng 
044 |a US 
245 1 0 |a Estimation, Inference and Specification Analysis  |c Halbert White 
250 |a 1. ed., 1. repr. 
264 1 |a Cambridge  |b Cambridge University Press  |c 1995 
300 |a 380 s. 
490 1 |a Econometric Society Monographs  |v No. 22 
830 0 |a Econometric Society Monographs  |v No. 22 
610 2 0 |a odhad štatistický 
610 2 0 |a analýzy 
610 2 0 |a ekonometria 
100 1 |a White, Halbert